00943nam a2200217 a 450000100100000000500170001000800410002702000150006804000250008308200180010824501820012626000800030830000210038865000400040965000270044970000350047670000400051170000350055195201220058699900170070800002350020200930022249.0101209s1995 sp r 000 p spa d a8487277918 aDO-SdBNPbspacBNPHU a868.99bP925t00aPremios Tiflos de poesía (escritores ciegos) :bantología 1986-1993 /cedición al cuidado de Ángel García López y Vicenta Blanco Ferrero; prólogo de José Hierro. aMadrid, (España) :bOrganización Nacional de Ciegos Españoles,c1995. a147 p. ;c18 cm. 4aPoesía hispañoamericanos948426 4aPoesía amorosa992271 aLópez , Garcíabed.9484271 aBlanco Ferrero, Vicentaeed.9484281 aHierro, Joséepról.948429 001054708MOaGRbGRcCTd2010-12-09iLF1l0o868.99 P925tp23500-10r2020-06-25w2020-06-25y4ZPréstamo en sala c22996d22996